000 02169cam a22005774i 4500
003 PE-LiUPU
005 20250731180146.0
008 150706s r 000 0 d
020 _a9788428212533
035 _a(Sirsi) i9788428212533
040 _aPE-LiUPU
_bspa
_cPE-LiUPU
_erda
049 _aPRUA
082 0 4 _a597.9094
_bA74
_221
100 1 _aArnold, E. Nicholas,
_eautor.
245 1 0 _aReptiles y anfibios: guía de campo :
_btodas las especies de España y de Europa descritas e ilustradas en color /
_cE. Nicholas Arnold ; ilustrado por Denys W. Ovenden.
264 1 _aBarcelona :
_bOmega,
_c2007.
300 _a319 páginas :
_bilustracionesc20 cm.
336 _atext
_2rdacontent
337 _aunmediated
_2rdamedia
338 _avolume
_2rdacarrier
504 _aIncluye bibliografía.
505 0 _aIntroducción -- Salamandras y tritones -- Sapos y ranas -- Tortugas terrestres, de agua dulce y marina -- Lagartos y afines -- Serpientes -- Identificaciones de los huevos de anfibios -- Identificaciones de las larvas de anfibios.
526 _aSEG44
526 _aSEG26
526 _aP159
526 _aP155
526 _aP154
526 _aP153
526 _aP150
526 _aP100
526 _aP31
526 _aP30
526 _aP26
526 _aP25
526 _aP24
526 _aP22
526 _aP15
526 _aP10
541 _g001-0035385;
650 0 4 _aAnfibios
_zEspaña
_vGuías, manuales, etc.
650 0 4 _aAnfibios
_zEuropa
_vGuías, manuales, etc.
650 0 4 _aReptiles
_zEspaña
_vGuías, manuales, etc.
700 1 _aDenys Ovenden,
_eil.
700 1 _aJohn A Burton.
910 _bjv
_cng
_d20120615
942 _2ddc
_cBOOK
949 _a597.9094 A74
_wDEWEY
_c1
_i64987
_lCCODEBUL1
_mBUL
_p74.00
_r0
_sY
_tBOOK
_u2015-7-6
_xINGENIERIA
_PP24
_o.STAFF. Colección General
994 _aC0
_bPEPRU
596 _a1
999 _a597.9094 A74
_wDEWEY
_c53686
_i64987
_d53686
_e2016-11-29
_f2021-11-9
_g7
_lCCODEBUL1
_mBUL
_n1
_p74.00
_q3
_r0
_sY
_tBOOK
_u2015-7-6
_xINGENIERIA
_PP24
_0COMPRA
_o.STAFF. Colección General
980 _81
_gALBERTO SANCHEZ Responsable de Automatización